[Event "23rd ETCC Women 2021"]
[Site "Catez"]
[Date "2021.11.21"]
[Round "9.16"]
[White "Lanchava, Tea"]
[Black "Beydullayeva, Govhar"]
[Result "1/2-1/2"]
[WhiteElo "2215"]
[BlackElo "2278"]
[Annotator "NA"]
[PlyCount "129"]
[EventDate "2021.11.08"]
[EventType "team-tourn"]
[EventCountry "SLO"]
[SourceTitle "playchess.com"]
[Source "ChessBase"]
[SourceQuality "1"]
[WhiteTeam "Netherlands"]
[BlackTeam "Azerbaijan"]
[WhiteTeamCountry "NED"]
[BlackTeamCountry "AZE"]
[TimeControl "40/5400+30:1800+30"]

1. c4 {[%emt 0:00:06]} e6 {[%emt 0:00:10]} 2. Nf3 {[%emt 0:01:08]} Nf6 {
[%emt 0:00:20]} 3. e3 {[%emt 0:04:58]} b6 {[%emt 0:00:24]} 4. b3 {[%emt 0:00:
50]} Bb7 {[%emt 0:00:03]} 5. Bb2 {[%emt 0:01:58]} d5 {[%emt 0:00:58]} 6. Nc3 {
[%emt 0:04:47]} Nbd7 {[%emt 0:00:29]} 7. Be2 {[%emt 0:03:01]} a6 {[%emt 0:00:
22]} 8. Qc2 {[%emt 0:00:41]} Bd6 {[%emt 0:00:29]} 9. cxd5 {[%emt 0:08:17]} exd5
{[%emt 0:00:13]} 10. Nh4 {[%emt 0:01:29]} g6 {[%emt 0:04:29]} 11. f4 {[%emt 0:
05:50]} Qe7 {[%emt 0:13:31]} 12. O-O {[%emt 0:04:07]} O-O {[%emt 0:14:27]} 13.
Rae1 {[%emt 0:03:18]} b5 {[%emt 0:07:14]} 14. Bf3 {[%emt 0:02:15]} Ne4 {
[%emt 0:07:05]} 15. d3 {[%emt 0:08:38]} Nxc3 {[%emt 0:00:32]} 16. Qxc3 {
[%emt 0:00:17]} f6 {[%emt 0:00:01]} 17. Re2 {[%emt 0:00:38]} c5 {[%emt 0:11:34]
} 18. Ba1 {[%emt 0:01:46]} b4 {[%emt 0:07:22]} 19. Qb2 {[%emt 0:00:38]} Nb6 {
[%emt 0:00:55]} 20. g4 {[%emt 0:02:24]} c4 {[%emt 0:07:52]} 21. dxc4 {[%emt 0:
02:22]} dxc4 {[%emt 0:00:09]} 22. bxc4 {[%emt 0:00:39]} Bxf3 {[%emt 0:02:05]}
23. Nxf3 {[%emt 0:01:34]} Qe4 {[%emt 0:07:00]} 24. g5 {[%emt 0:07:44]} Be7 {
[%emt 0:04:59]} 25. Qd4 {[%emt 0:07:59]} Qxd4 {[%emt 0:02:08]} 26. exd4 {
[%emt 0:00:29]} Rae8 {[%emt 0:01:29]} 27. Rfe1 {[%emt 0:00:45]} Kf7 {[%emt 0:
00:03]} 28. gxf6 {[%emt 0:09:26]} Bxf6 {[%emt 0:00:03]} 29. Ne5+ {[%emt 0:01:
09]} Bxe5 {[%emt 0:01:23]} 30. fxe5 {[%emt 0:00:28]} Nxc4 {[%emt 0:00:07]} 31.
d5 {[%emt 0:01:07]} Ke7 {[%emt 0:02:05]} 32. Bd4 {[%emt 0:01:09]} Rc8 {[%emt 0:
00:14]} 33. Bf2 {[%emt 0:02:40]} g5 {[%emt 0:00:41]} 34. Rd1 {[%emt 0:02:18]}
h5 {[%emt 0:01:39]} 35. Re4 {[%emt 0:01:15]} Nb2 {[%emt 0:02:15]} 36. Rd2 {
[%emt 0:00:39]} Nc4 {[%emt 0:01:19]} 37. Rc2 {[%emt 0:00:46]} Rf4 {[%emt 0:00:
16]} 38. Rxf4 {[%emt 0:00:54]} gxf4 {[%emt 0:00:00]} 39. Bh4+ {[%emt 0:00:42]}
Kf8 {[%emt 0:00:50]} 40. Re2 {[%emt 0:02:59]} Ne3 {[%emt 0:01:04]} 41. Rd2 {
[%emt 0:36:12]} Rc1+ {[%emt 0:06:51]} 42. Kf2 {[%emt 0:00:00]} Ng4+ {[%emt 0:
03:09]} 43. Kf3 {[%emt 0:00:00]} Nxe5+ {[%emt 0:02:13]} 44. Ke4 {[%emt 0:00:00]
} Nd7 {[%emt 0:02:42]} 45. Kxf4 {[%emt 0:00:00]} Rf1+ {[%emt 0:08:37]} 46. Kg5
{[%emt 0:00:00]} Ne5 {[%emt 0:02:27]} 47. d6 {[%emt 0:00:00]} Rf7 {[%emt 0:04:
58]} 48. Kh6 {[%emt 0:00:00]} Kg8 {[%emt 0:02:11]} 49. Rd5 {[%emt 0:00:00]}
Rh7+ {[%emt 0:02:11]} 50. Kg5 {[%emt 0:00:00]} Nd7 {[%emt 0:00:12]} 51. Kf5 {
[%emt 0:00:00]} Kf7 {[%emt 0:00:11]} 52. Bg5 {[%emt 0:00:00]} Rh8 {[%emt 0:00:
33]} 53. Rd4 {[%emt 0:00:00]} Rb8 {[%emt 0:00:12]} 54. Re4 {[%emt 0:00:00]}
Rb5+ {[%emt 0:00:21]} 55. Kf4 {[%emt 0:00:00]} Nf6 {[%emt 0:01:21]} 56. Rd4 {
[%emt 0:00:00]} Nd7 {[%emt 0:01:21]} 57. Re4 {[%emt 0:00:00]} Nf6 {[%emt 0:00:
03]} 58. Rd4 {[%emt 0:00:00]} Nd7 {[%emt 0:00:09]} 59. Be7 {[%emt 0:00:00]} Ke6
{[%emt 0:00:26]} 60. Rd1 {[%emt 0:00:00]} Rf5+ {[%emt 0:00:29]} 61. Kg3 {
[%emt 0:00:00]} a5 {[%emt 0:00:12]} 62. h4 {[%emt 0:01:19]} a4 {[%emt 0:00:25]}
63. Rd4 {[%emt 0:02:28]} Rb5 {[%emt 0:00:40]} 64. Re4+ {[%emt 0:00:26]} Kd5 {
[%emt 0:00:13]} 65. Kf3 {[%emt 0:03:39]} 1/2-1/2

[Event "23rd ETCC Women 2021"]
[Site "Catez"]
[Date "2021.11.21"]
[Round "9.17"]
[White "Injac, Teodora"]
[Black "Tsolakidou, Stavroula"]
[Result "1-0"]
[WhiteElo "2387"]
[BlackElo "2377"]
[Annotator "NA"]
[PlyCount "103"]
[EventDate "2021.11.08"]
[EventType "team-tourn"]
[EventCountry "SLO"]
[SourceTitle "playchess.com"]
[Source "ChessBase"]
[SourceQuality "1"]
[WhiteTeam "Serbia"]
[BlackTeam "Greece"]
[WhiteTeamCountry "SRB"]
[BlackTeamCountry "GRE"]
[TimeControl "40/5400+30:1800+30"]

1. Nf3 {[%emt 0:00:05]} d5 {[%emt 0:00:09]} 2. g3 {[%emt 0:00:13]} Nd7 {
[%emt 0:00:24]} 3. d4 {[%emt 0:00:17]} Nb6 {[%emt 0:00:20]} 4. Nc3 {[%emt 0:01:
36]} Bf5 {[%emt 0:02:13]} 5. Nh4 {[%emt 0:01:05]} e6 {[%emt 0:07:51]} 6. Nxf5 {
[%emt 0:00:35]} exf5 {[%emt 0:00:04]} 7. Qd3 {[%emt 0:00:32]} g6 {[%emt 0:00:
07]} 8. Bg2 {[%emt 0:01:18]} Nf6 {[%emt 0:00:22]} 9. Bg5 {[%emt 0:04:36]} Be7 {
[%emt 0:20:59]} 10. a4 {[%emt 0:01:50]} c6 {[%emt 0:03:28]} 11. Bxf6 {[%emt 0:
08:15]} Bxf6 {[%emt 0:00:05]} 12. b3 {[%emt 0:00:43]} a5 {[%emt 0:02:01]} 13.
e3 {[%emt 0:03:36]} O-O {[%emt 0:19:39]} 14. O-O {[%emt 0:04:46]} Qc7 {[%emt 0:
03:05]} 15. Rab1 {[%emt 0:05:06]} Rfd8 {[%emt 0:00:42]} 16. Ne2 {[%emt 0:01:47]
} Rab8 {[%emt 0:05:30]} 17. Rfc1 {[%emt 0:04:07]} Nd7 {[%emt 0:03:14]} 18. c4 {
[%emt 0:09:30]} dxc4 {[%emt 0:00:06]} 19. bxc4 {[%emt 0:00:19]} Nc5 {[%emt 0:
00:04]} 20. Qc2 {[%emt 0:04:00]} Na6 {[%emt 0:00:12]} 21. c5 {[%emt 0:01:12]}
Nb4 {[%emt 0:02:03]} 22. Qc4 {[%emt 0:00:20]} Bg5 {[%emt 0:09:28]} 23. Nc3 {
[%emt 0:07:44]} h5 {[%emt 0:07:09]} 24. Na2 {[%emt 0:08:21]} Nd5 {[%emt 0:00:
54]} 25. Bxd5 {[%emt 0:01:42]} Rxd5 {[%emt 0:00:22]} 26. Nc3 {[%emt 0:00:20]}
Rd7 {[%emt 0:00:18]} 27. Rb6 {[%emt 0:02:55]} Kg7 {[%emt 0:00:13]} 28. Rcb1 {
[%emt 0:00:48]} Qd8 {[%emt 0:01:30]} 29. Qb3 {[%emt 0:03:26]} Qc8 {[%emt 0:00:
06]} 30. d5 {[%emt 0:05:24]} Ra8 {[%emt 0:07:01]} 31. Rxb7 {[%emt 0:06:53]}
Rxb7 {[%emt 0:00:15]} 32. Qxb7 {[%emt 0:00:05]} Qxb7 {[%emt 0:01:01]} 33. Rxb7
{[%emt 0:00:02]} Bf6 {[%emt 0:00:05]} 34. Ne2 {[%emt 0:00:36]} cxd5 {[%emt 0:
00:04]} 35. Nd4 {[%emt 0:00:58]} Rc8 {[%emt 0:00:57]} 36. Rb5 {[%emt 0:00:35]}
Bd8 {[%emt 0:02:54]} 37. Kf1 {[%emt 0:06:54]} Kf8 {[%emt 0:01:06]} 38. Ke2 {
[%emt 0:01:50]} Ke8 {[%emt 0:02:15]} 39. Kd3 {[%emt 0:01:52]} Kd7 {[%emt 0:00:
29]} 40. Nb3 {[%emt 0:03:31]} Kc6 {[%emt 0:01:07]} 41. Nd4+ {[%emt 0:06:03]}
Kd7 {[%emt 0:01:22]} 42. Rb7+ {[%emt 0:02:49]} Ke8 {[%emt 0:13:06]} 43. Nb3 {
[%emt 0:03:38]} Bf6 {[%emt 0:03:28]} 44. Rb5 {[%emt 0:00:32]} Kd7 {[%emt 0:00:
18]} 45. Rxa5 {[%emt 0:01:16]} Rb8 {[%emt 0:00:19]} 46. Rb5 {[%emt 0:00:56]}
Ra8 {[%emt 0:00:19]} 47. Rb7+ {[%emt 0:00:19]} Ke8 {[%emt 0:03:52]} 48. a5 {
[%emt 0:06:17]} Bd8 {[%emt 0:07:20]} 49. c6 {[%emt 0:06:16]} Rc8 {[%emt 0:00:
26]} 50. a6 {[%emt 0:00:25]} Rxc6 {[%emt 0:00:10]} 51. a7 {[%emt 0:00:02]} Ra6
{[%emt 0:00:06]} 52. Nd4 {[%emt 0:00:24]} 1-0

[Event "23rd ETCC Women 2021"]
[Site "Catez"]
[Date "2021.11.21"]
[Round "9.18"]
[White "Avramidou, Anastasia"]
[Black "Velikic, Adela"]
[Result "1-0"]
[WhiteElo "2217"]
[BlackElo "2287"]
[Annotator "NA"]
[PlyCount "105"]
[EventDate "2021.11.08"]
[EventType "team-tourn"]
[EventCountry "SLO"]
[SourceTitle "playchess.com"]
[Source "ChessBase"]
[SourceQuality "1"]
[WhiteTeam "Greece"]
[BlackTeam "Serbia"]
[WhiteTeamCountry "GRE"]
[BlackTeamCountry "SRB"]
[TimeControl "40/5400+30:1800+30"]

1. Nf3 {[%emt 0:00:05]} d5 {[%emt 0:00:10]} 2. g3 {[%emt 0:00:08]} Nf6 {
[%emt 0:00:30]} 3. Bg2 {[%emt 0:00:09]} c6 {[%emt 0:05:38]} 4. O-O {[%emt 0:00:
12]} Bf5 {[%emt 0:00:46]} 5. c4 {[%emt 0:00:13]} e6 {[%emt 0:00:51]} 6. Qb3 {
[%emt 0:00:16]} Qb6 {[%emt 0:02:30]} 7. d3 {[%emt 0:00:11]} Nbd7 {[%emt 0:02:
52]} 8. Be3 {[%emt 0:02:25]} Bc5 {[%emt 0:06:34]} 9. Bxc5 {[%emt 0:00:16]} Nxc5
{[%emt 0:01:11]} 10. Qc3 {[%emt 0:00:30]} a5 {[%emt 0:13:39]} 11. b3 {[%emt 0:
04:22]} O-O {[%emt 0:05:59]} 12. Nbd2 {[%emt 0:03:09]} Ncd7 {[%emt 0:06:01]}
13. Rfe1 {[%emt 0:14:27]} Bg6 {[%emt 0:14:12]} 14. a3 {[%emt 0:09:48]} Rfd8 {
[%emt 0:03:30]} 15. h3 {[%emt 0:06:06]} Qc7 {[%emt 0:05:51]} 16. Nh4 {[%emt 0:
15:59]} Qd6 {[%emt 0:04:28]} 17. Nxg6 {[%emt 0:02:31]} hxg6 {[%emt 0:00:05]}
18. d4 {[%emt 0:00:28]} e5 {[%emt 0:08:25]} 19. e3 {[%emt 0:07:22]} e4 {
[%emt 0:07:42]} 20. c5 {[%emt 0:00:06]} Qc7 {[%emt 0:01:22]} 21. b4 {[%emt 0:
00:10]} axb4 {[%emt 0:02:11]} 22. axb4 {[%emt 0:00:40]} b6 {[%emt 0:01:43]} 23.
cxb6 {[%emt 0:12:33]} Qxb6 {[%emt 0:00:08]} 24. Nb3 {[%emt 0:00:11]} Rxa1 {
[%emt 0:02:29]} 25. Rxa1 {[%emt 0:00:05]} Rb8 {[%emt 0:00:41]} 26. Na5 {
[%emt 0:02:35]} Qxb4 {[%emt 0:01:41]} 27. Qxb4 {[%emt 0:00:09]} Rxb4 {[%emt 0:
00:03]} 28. Nxc6 {[%emt 0:00:10]} Rb7 {[%emt 0:01:26]} 29. Ra8+ {[%emt 0:01:12]
} Nf8 {[%emt 0:00:54]} 30. Bf1 {[%emt 0:04:36]} g5 {[%emt 0:01:02]} 31. Ba6 {
[%emt 0:03:11]} Rc7 {[%emt 0:00:15]} 32. Rc8 {[%emt 0:05:18]} Rxc8 {[%emt 0:00:
45]} 33. Bxc8 {[%emt 0:00:15]} Ng6 {[%emt 0:00:46]} 34. Bf5 {[%emt 0:01:10]}
Nf8 {[%emt 0:00:27]} 35. Kf1 {[%emt 0:04:46]} Kh8 {[%emt 0:00:28]} 36. Ke2 {
[%emt 0:00:39]} g6 {[%emt 0:00:36]} 37. Bc8 {[%emt 0:00:08]} N8d7 {[%emt 0:00:
33]} 38. Ne5 {[%emt 0:01:14]} Nxe5 {[%emt 0:00:32]} 39. dxe5 {[%emt 0:00:07]}
Ng8 {[%emt 0:00:19]} 40. Bb7 {[%emt 0:01:23]} Ne7 {[%emt 0:00:20]} 41. Kd2 {
[%emt 0:30:43]} Kg7 {[%emt 0:09:01]} 42. Kc3 {[%emt 0:00:00]} f5 {[%emt 0:06:
11]} 43. Kd4 {[%emt 0:00:00]} Kf7 {[%emt 0:02:56]} 44. Bxd5+ {[%emt 0:00:00]}
Ke8 {[%emt 0:00:26]} 45. Kc5 {[%emt 0:00:00]} Kd7 {[%emt 0:00:27]} 46. Bf7 {
[%emt 0:00:00]} Kc7 {[%emt 0:00:29]} 47. e6 {[%emt 0:00:00]} g4 {[%emt 0:08:01]
} 48. h4 {[%emt 0:00:00]} Kd8 {[%emt 0:01:16]} 49. Kd6 {[%emt 0:00:00]} f4 {
[%emt 0:00:21]} 50. Ke5 {[%emt 0:00:00]} fxg3 {[%emt 0:03:31]} 51. fxg3 {
[%emt 0:00:00]} Nf5 {[%emt 0:00:56]} 52. Kf6 {[%emt 0:00:00]} Ne7 {[%emt 0:00:
24]} 53. Bxg6 {[%emt 0:00:00]} 1-0

[Event "23rd ETCC Women 2021"]
[Site "Catez"]
[Date "2021.11.21"]
[Round "9.19"]
[White "Eric, Jovana"]
[Black "Pavlidou, Ekaterini"]
[Result "1/2-1/2"]
[WhiteElo "2253"]
[BlackElo "2172"]
[Annotator "NA"]
[PlyCount "133"]
[EventDate "2021.11.08"]
[EventType "team-tourn"]
[EventCountry "SLO"]
[SourceTitle "playchess.com"]
[Source "ChessBase"]
[SourceQuality "1"]
[WhiteTeam "Serbia"]
[BlackTeam "Greece"]
[WhiteTeamCountry "SRB"]
[BlackTeamCountry "GRE"]
[TimeControl "40/5400+30:1800+30"]

1. e4 {[%emt 0:00:04]} c5 {[%emt 0:00:30]} 2. Nf3 {[%emt 0:00:14]} Nc6 {
[%emt 0:00:13]} 3. Bb5 {[%emt 0:00:18]} Nf6 {[%emt 0:00:29]} 4. Bxc6 {[%emt 0:
01:33]} dxc6 {[%emt 0:00:11]} 5. d3 {[%emt 0:00:18]} Qc7 {[%emt 0:01:01]} 6.
O-O {[%emt 0:00:40]} e5 {[%emt 0:00:38]} 7. Nbd2 {[%emt 0:03:29]} Be6 {[%emt 0:
05:02]} 8. b3 {[%emt 0:01:35]} h6 {[%emt 0:08:45]} 9. Bb2 {[%emt 0:01:27]} Nd7
{[%emt 0:05:53]} 10. a4 {[%emt 0:04:33]} g5 {[%emt 0:03:01]} 11. Nc4 {[%emt 0:
04:47]} Bg7 {[%emt 0:00:39]} 12. Nfd2 {[%emt 0:01:24]} h5 {[%emt 0:02:52]} 13.
a5 {[%emt 0:04:47]} Bf6 {[%emt 0:02:22]} 14. Ne3 {[%emt 0:06:32]} O-O-O {
[%emt 0:13:37]} 15. Ndc4 {[%emt 0:05:43]} g4 {[%emt 0:24:11]} 16. Bc3 {[%emt 0:
05:04]} Bg5 {[%emt 0:03:43]} 17. b4 {[%emt 0:15:47]} Bf4 {[%emt 0:02:57]} 18.
Qe2 {[%emt 0:00:00]} cxb4 {[%emt 0:10:52]} 19. Bxb4 {[%emt 0:00:35]} c5 {
[%emt 0:00:57]} 20. Bc3 {[%emt 0:06:51]} Bxe3 {[%emt 0:03:34]} 21. Nxe3 {
[%emt 0:00:05]} Nb8 {[%emt 0:05:37]} 22. Rfb1 {[%emt 0:02:10]} Nc6 {[%emt 0:02:
05]} 23. Rb5 {[%emt 0:02:19]} Nd4 {[%emt 0:00:00]} 24. Bxd4 {[%emt 0:00:18]}
exd4 {[%emt 0:00:00]} 25. Nf1 {[%emt 0:02:28]} Bd7 {[%emt 0:00:59]} 26. Rb2 {
[%emt 0:01:10]} Rde8 {[%emt 0:02:39]} 27. Qd1 {[%emt 0:01:23]} f5 {[%emt 0:02:
24]} 28. exf5 {[%emt 0:00:27]} Bc6 {[%emt 0:07:46]} 29. Nd2 {[%emt 0:12:07]} h4
{[%emt 0:00:00]} 30. f6 {[%emt 0:02:01]} Qf4 {[%emt 0:00:00]} 31. Ne4 {[%emt 0:
05:22]} Rxe4 {[%emt 0:00:00]} 32. dxe4 {[%emt 0:00:00]} h3 {[%emt 0:00:00]} 33.
Ra3 {[%emt 0:03:33]} hxg2 {[%emt 0:00:00]} 34. Rg3 {[%emt 0:00:06]} Qh6 {
[%emt 0:00:00]} 35. Rxg2 {[%emt 0:04:16]} Bxe4 {[%emt 0:00:00]} 36. Qxg4+ {
[%emt 0:01:35]} Kd8 {[%emt 0:00:00]} 37. Qg5 {[%emt 0:01:42]} Bxg2 {[%emt 0:00:
00]} 38. Qxh6 {[%emt 0:00:04]} Rxh6 {[%emt 0:00:00]} 39. Kxg2 {[%emt 0:00:03]}
Kc7 {[%emt 0:00:00]} 40. f7 {[%emt 0:02:05]} Rg6+ {[%emt 0:00:00]} 41. Kf1 {
[%emt 0:31:27]} Rf6 {[%emt 0:26:43]} 42. h4 {[%emt 0:00:00]} Rxf7 {[%emt 0:00:
00]} 43. Rb3 {[%emt 0:00:00]} Kc6 {[%emt 0:00:00]} 44. h5 {[%emt 0:00:00]} Rh7
{[%emt 0:00:00]} 45. Rh3 {[%emt 0:00:00]} Kb5 {[%emt 0:00:00]} 46. Ke2 {
[%emt 0:00:00]} Kxa5 {[%emt 0:00:00]} 47. h6 {[%emt 0:00:00]} Kb5 {[%emt 0:00:
00]} 48. Kf3 {[%emt 0:00:00]} c4 {[%emt 0:01:17]} 49. Ke2 {[%emt 0:00:06]} Kc5
{[%emt 0:01:19]} 50. Kd2 {[%emt 0:00:30]} Kd5 {[%emt 0:00:46]} 51. Rh5+ {
[%emt 0:00:49]} Kd6 {[%emt 0:00:36]} 52. Rh4 {[%emt 0:00:56]} Ke5 {[%emt 0:00:
20]} 53. Rh5+ {[%emt 0:00:14]} Kf4 {[%emt 0:01:48]} 54. Rh4+ {[%emt 0:00:55]}
Kf3 {[%emt 0:00:58]} 55. Rxd4 {[%emt 0:00:39]} Rxh6 {[%emt 0:00:06]} 56. Rxc4 {
[%emt 0:00:03]} Rd6+ {[%emt 0:00:18]} 57. Kc1 {[%emt 0:00:22]} Kxf2 {[%emt 0:
00:10]} 58. Ra4 {[%emt 0:00:26]} a6 {[%emt 0:00:09]} 59. Rb4 {[%emt 0:00:20]}
Rd7 {[%emt 0:00:08]} 60. Kb2 {[%emt 0:00:15]} Ke3 {[%emt 0:00:15]} 61. Kb3 {
[%emt 0:00:33]} Kd2 {[%emt 0:01:40]} 62. Kb2 {[%emt 0:00:35]} b5 {[%emt 0:01:
22]} 63. c4 {[%emt 0:02:03]} Rd4 {[%emt 0:00:26]} 64. Kb3 {[%emt 0:00:03]}
bxc4+ {[%emt 0:00:35]} 65. Rxc4 {[%emt 0:00:04]} Rxc4 {[%emt 0:00:12]} 66. Kxc4
{[%emt 0:00:03]} a5 {[%emt 0:00:04]} 67. Kb5 {[%emt 0:00:04]} 1/2-1/2

[Event "23rd ETCC Women 2021"]
[Site "Catez"]
[Date "2021.11.21"]
[Round "9.20"]
[White "Markantonaki, Haritomeni"]
[Black "Gajcin, Marina"]
[Result "0-1"]
[WhiteElo "2174"]
[BlackElo "2198"]
[Annotator "ChessBase"]
[PlyCount "151"]
[EventDate "2021.11.08"]
[EventType "team-tourn"]
[EventCountry "SLO"]
[SourceTitle "playchess.com"]
[Source "ChessBase"]
[SourceQuality "1"]
[WhiteTeam "Greece"]
[BlackTeam "Serbia"]
[WhiteTeamCountry "GRE"]
[BlackTeamCountry "SRB"]
[TimeControl "40/5400+30:1800+30"]

1. e4 {[%emt 0:00:03]} c5 {[%emt 0:00:04]} 2. Nf3 {[%emt 0:00:06]} Nc6 {
[%emt 0:00:04]} 3. Bb5 {[%emt 0:00:15]} e6 {[%emt 0:00:06]} 4. O-O {[%emt 0:00:
43]} Nge7 {[%emt 0:00:03]} 5. Re1 {[%emt 0:01:44]} a6 {[%emt 0:00:10]} 6. Bf1 {
[%emt 0:02:28]} b6 {[%emt 0:00:10]} 7. c3 {[%emt 0:02:12]} d5 {[%emt 0:00:11]}
8. e5 {[%emt 0:05:41]} d4 {[%emt 0:11:17]} 9. d3 {[%emt 0:07:01]} Bb7 {[%emt 0:
07:06]} 10. Nbd2 {[%emt 0:06:30]} Ng6 {[%emt 0:09:12]} 11. g3 {[%emt 0:18:35]}
Qd5 {[%emt 0:17:22]} 12. c4 {[%emt 0:02:12]} Qd7 {[%emt 0:00:10]} 13. Bg2 {
[%emt 0:05:43]} O-O-O {[%emt 0:05:14]} 14. a3 {[%emt 0:06:07]} f6 {[%emt 0:08:
53]} 15. exf6 {[%emt 0:03:58]} gxf6 {[%emt 0:00:04]} 16. Ne4 {[%emt 0:03:07]}
Be7 {[%emt 0:04:24]} 17. Bh3 {[%emt 0:05:20]} f5 {[%emt 0:06:39]} 18. Neg5 {
[%emt 0:01:12]} Bxg5 {[%emt 0:00:22]} 19. Bxg5 {[%emt 0:00:55]} Rde8 {[%emt 0:
04:29]} 20. Rb1 {[%emt 0:04:11]} Qd6 {[%emt 0:01:47]} 21. Qe2 {[%emt 0:08:42]}
Rhf8 {[%emt 0:02:33]} 22. Bh6 {[%emt 0:01:21]} Rg8 {[%emt 0:01:57]} 23. Kf1 {
[%emt 0:02:42]} Nd8 {[%emt 0:02:25]} 24. b4 {[%emt 0:02:06]} f4 {[%emt 0:08:34]
} 25. bxc5 {[%emt 0:01:50]} Qxc5 {[%emt 0:01:44]} 26. Ne5 {[%emt 0:04:12]} f3 {
[%emt 0:01:27]} 27. Nxf3 {[%emt 0:01:13]} Qh5 {[%emt 0:00:17]} 28. Bg2 {
[%emt 0:00:42]} Qxh6 {[%emt 0:00:09]} 29. Rxb6 {[%emt 0:00:03]} Qg7 {[%emt 0:
00:49]} 30. Qd2 {[%emt 0:03:07]} Re7 {[%emt 0:04:44]} 31. Reb1 {[%emt 0:00:24]}
Rc7 {[%emt 0:01:30]} 32. Qa5 {[%emt 0:00:55]} Nf4 {[%emt 0:01:00]} 33. Ne1 {
[%emt 0:00:33]} Nxg2 {[%emt 0:00:20]} 34. Nxg2 {[%emt 0:00:02]} e5 {[%emt 0:01:
13]} 35. c5 {[%emt 0:01:16]} Qf7 {[%emt 0:00:44]} 36. Rxa6 {[%emt 0:00:46]}
Bxa6 {[%emt 0:00:40]} 37. Qxa6+ {[%emt 0:00:02]} Kd7 {[%emt 0:00:27]} 38. Qd6+
{[%emt 0:00:33]} Ke8 {[%emt 0:00:21]} 39. Re1 {[%emt 0:00:50]} Re7 {[%emt 0:00:
41]} 40. Rxe5 {[%emt 0:00:15]} Rg6 {[%emt 0:00:33]} 41. Rxe7+ {[%emt 0:03:07]}
Qxe7 {[%emt 0:00:06]} 42. Qxd4 {[%emt 0:00:08]} Ne6 {[%emt 0:11:23]} 43. Qa4+ {
[%emt 0:02:31]} Kf7 {[%emt 0:03:27]} 44. Nf4 {[%emt 0:02:29]} Nxf4 {[%emt 0:02:
27]} 45. Qxf4+ {[%emt 0:00:02]} Rf6 {[%emt 0:00:10]} 46. Qh4 {[%emt 0:04:08]}
h6 {[%emt 0:01:52]} 47. Qh5+ {[%emt 0:00:18]} Kf8 {[%emt 0:00:39]} 48. Qd5 {
[%emt 0:02:53]} Qe6 {[%emt 0:01:36]} 49. Qd4 {[%emt 0:01:06]} Qc6 {[%emt 0:00:
30]} 50. Qe4 {[%emt 0:15:29]} Qxc5 {[%emt 0:01:40]} 51. f4 {[%emt 0:00:03]}
Qxa3 {[%emt 0:00:34]} 52. Qh7 {[%emt 0:01:00]} Qb2 {[%emt 0:01:43]} 53. Qh8+ {
[%emt 0:01:58]} Ke7 {[%emt 0:00:13]} 54. Qh7+ {[%emt 0:00:09]} Kd6 {[%emt 0:00:
11]} 55. Qg8 {[%emt 0:00:45]} Kc7 {[%emt 0:05:06]} 56. Qh7+ {[%emt 0:01:06]}
Kb6 {[%emt 0:00:47]} 57. Qg8 {[%emt 0:00:16]} Kb7 {[%emt 0:01:40]} 58. Qh7+ {
[%emt 0:00:32]} Kb6 {[%emt 0:01:32]} 59. Qg8 {[%emt 0:00:04]} Qb1+ {[%emt 0:01:
43]} 60. Kg2 {[%emt 0:00:33]} Qxd3 {[%emt 0:01:10]} 61. Qb8+ {[%emt 0:00:17]}
Kc5 {[%emt 0:00:33]} 62. Qc7+ {[%emt 0:00:30]} Rc6 {[%emt 0:00:13]} 63. Qa5+ {
[%emt 0:00:53]} Kc4 {[%emt 0:01:50]} 64. Qa4+ {[%emt 0:01:17]} Kd5 {[%emt 0:00:
15]} 65. Qa5+ {[%emt 0:00:06]} Ke6 {[%emt 0:00:26]} 66. Qe5+ {[%emt 0:00:12]}
Kf7 {[%emt 0:00:12]} 67. Qh5+ {[%emt 0:00:15]} Qg6 {[%emt 0:00:32]} 68. Qd5+ {
[%emt 0:00:04]} Qe6 {[%emt 0:00:24]} 69. Qd3 {[%emt 0:00:21]} Rc5 {[%emt 0:01:
37]} 70. Qh7+ {[%emt 0:00:35]} Ke8 {[%emt 0:00:23]} 71. Qh8+ {[%emt 0:00:11]}
Kd7 {[%emt 0:00:15]} 72. Qh7+ {[%emt 0:01:04]} Kc6 {[%emt 0:00:06]} 73. h4 {
[%emt 0:00:42]} h5 {[%emt 0:00:39]} 74. Qd3 {[%emt 0:01:06]} Qd5+ {[%emt 0:00:
09]} 75. Qxd5+ {[%emt 0:00:04]} Kxd5 {[%emt 0:00:03]} 76. g4 {[%emt 0:00:20]}
0-1